Limbus Company - Identities - Statistics

General Stats
  • This quiz has been taken 67 times
  • The average score is 131 of 156
Answer Stats
Sinner Rarity Identity % Correct
Yi Sang 000 W Corp. L3 Cleanup Agent Yi Sang
98%
Heathcliff 0 LCB Sinner Heathcliff
95%
Yi Sang 000 Liu Assoc. South Section 3 Yi Sang
95%
Hong Lu 000 Full Stop Office Rep Hong Lu
93%
Yi Sang 000 Heishou Pack - Wu Branch Adept Yi Sang
93%
Hong Lu 000 K Corp. Class 3 Excision Staff Hong Lu
93%
Don Quixote 0 LCB Sinner Don Quixote
93%
Faust 0 LCB Sinner Faust
93%
Hong Lu 0 LCB Sinner Hong Lu
93%
Ishmael 0 LCB Sinner Ishmael
93%
Outis 0 LCB Sinner Outis
93%
Rodion 0 LCB Sinner Rodion
93%
Ryōshū 0 LCB Sinner Ryōshū
93%
Yi Sang 000 Lobotomy E.G.O::Solemn Lament Yi Sang
93%
Yi Sang 000 N Corp E.G.O::Fell Bullet Yi Sang
93%
Heathcliff 00 Shi Assoc. South Section 5 Heathcliff
93%
Faust 00 W Corp. L2 Cleanup Agent Faust
93%
Hong Lu 00 W Corp. L2 Cleanup Agent Hong Lu
93%
Heathcliff 000 W Corp. L4 Cleanup Agent CCA Heathcliff
93%
Heathcliff 000 Wild Hunt Heathcliff
93%
Yi Sang 000 Blade Lineage Salsu Yi Sang
90%
Hong Lu 000 Dieci Assoc. South Section 4 Hong Lu
90%
Hong Lu 000 District 20 Yurodivy Hong Lu
90%
Hong Lu 00 Fanghunt Office Fixer Hong Lu
90%
Hong Lu 00 Hook Office Fixer Hong Lu
90%
Hong Lu 00 Kurokumo Clan Wakashu Hong Lu
90%
Gregor 0 LCB Sinner Gregor
90%
Sinclair 0 LCB Sinner Sinclair
90%
Rodion 000 Liu Assoc. South Section 4 Director Rodion
90%
Hong Lu 00 Liu Assoc. South Section 5 Hong Lu
90%
Rodion 00 N Corp. Mittelhammer Rodion
90%
Hong Lu 000 R Corp. 4th Pack Reindeer Hong Lu
90%
Outis 000 Seven Assoc. South Section 6 Director Outis
90%
Ishmael 00 Shi Assoc. South Section 5 Ishmael
90%
Faust 000 Shi East Section 3 Faust
90%
Hong Lu 000 The Lord of Hongyuan Hong Lu
90%
Faust 000 The One Who Grips Faust
90%
Yi Sang 00 The Pequod First Mate Yi Sang
90%
Yi Sang 000 The Ring Pointillist Student Yi Sang
90%
Sinclair 000 The Thumb East Soldato || Sinclair
90%
Hong Lu 000 Tingtang Gang Gangleader Hong Lu
90%
Don Quixote 000 W Corp. L3 Cleanup Agent Don Quixote
90%
Ryōshū 000 W Corp. L3 Cleanup Agent Ryōshū
90%
Outis 00 Blade Lineage Salsu Outis
88%
Outis 00 Cinq Assoc.South Section 4 Outis
88%
Yi Sang 00 Dieci Assoc. South Section 4 Yi Sang
88%
Yi Sang 000 Effloresced E.G.O::Spicebush Yi Sang
88%
Outis 00 G Corp. Head Manager Outis
88%
Outis 000 Heishou Pack - Mao Branch Outis
88%
Rodion 000 Heishou Pack - Si Branch Rodion
88%
Yi Sang 00 LCE E.G.O::Lantern Yi Sang
88%
Ishmael 000 Liu Assoc South Section 4 Ishmael
88%
Ryōshū 00 Liu Assoc. South Section 4 Ryōshū
88%
Outis 000 Lobotomy E.G.O::Magic Bullet Outis
88%
Heathcliff 000 Lobotomy E.G.O::Sunshower Heathcliff
88%
Outis 000 Molar Office Fixer Outis
88%
Yi Sang 00 Molar Office Fixer Yi Sang
88%
Heathcliff 00 N Corp Kleinhammer Heathcliff
88%
Heathcliff 00 Seven Assoc. South Section 4 Heathcliff
88%
Don Quixote 00 Shi Assoc. South Section 5 Director Don Quixote
88%
Outis 000 T Corp. Class 3 VDCU Staff Outis
88%
Outis 000 The Barber of La Manchaland Outis
88%
Sinclair 000 The One Who Shall Grip Sinclair
88%
Ishmael 000 The Pequod Captain Ishmael
88%
Rodion 000 The Princess of La Manchaland Rodion
88%
Outis 00 The Ring Pointillist Student Outis
88%
Meursault 000 W Corp. L2 Cleanup Agent Meursault
88%
Outis 000 W Corp. L3 Cleanup Captain Outis
88%
Outis 000 Wuthering Heights Chief Butler Outis
88%
Faust 00 Zwei Assoc. South Section 4 Faust
88%
Rodion 00 Zwei Assoc. South Section 5 Rodion
88%
Ishmael 000 Zwei Assoc. West Section 3 Ishmael
88%
Faust 000 Blade Lineage Salsu Faust
85%
Sinclair 000 Dawn Office Fixer Sinclair
85%
Faust 000 Heishou Pack - Mao Branch Adept Faust
85%
Sinclair 000 Heishou Pack - You Branch Sinclair
85%
Ishmael 000 Jeong's Office Rep Ishmael
85%
Ishmael 00 LCCB Assistant Manager Ishmael
85%
Gregor 00 Liu Assoc. South Section 6 Gregor
85%
Meursault 00 Liu Assoc. South Section 6 Meursault
85%
Ryōshū 000 N Corp. E.G.O:: Contempt Awe Ryōshū
85%
Don Quixote 00 N Corp. Mittelhammer Don Quixote
85%
Faust 000 Seven Assoc. South Section 4 Faust
85%
Heathcliff 000 The Pequod Harpooneer Heathcliff
85%
Meursault 000 The Thumb East Capo |||| Meursault
85%
Faust 00 Wuthering Heights Butler Faust
85%
Sinclair 000 Blade Lineage Salsu Sinclair
83%
Sinclair 000 Cinq Assoc.South Section 4 Director Sinclair
83%
Sinclair 000 Devyat' Assoc. North Section 3 Sinclair
83%
Ishmael 00 Edgar Family Butler Ishmael
83%
Ishmael 000 Family Hierarch Candidate Ishmael
83%
Heathcliff 000 Full Stop Office Fixer Heathcliff
83%
Gregor 000 G Corp. Manager Corporal Gregor
83%
Ryōshū 000 Heishou Pack - Mao Branch Ryōshū
83%
Ishmael 000 Kurokumo Clan Captain Ishmael
83%
Heathcliff 000 Kurokumo Clan Wakashu Heathcliff
83%
Rodion 000 Kurokumo Clan Wakashu Rodion
83%
Faust 000 LCE E.G.O::Ardor Blossom Star Faust
83%
Faust 00 Lobotomy Corp. Remnant Faust
83%
Don Quixote 000 Lobotomy E.G.O::In the Name of Love and Hate Don Quixote
83%
Sinclair 00 Lobotomy E.G.O::Red Sheet Sinclair
83%
Faust 000 Lobotomy E.G.O::Regret Faust
83%
Ishmael 00 Lobotomy E.G.O::Sloshing Ishmael
83%
Rodion 000 Lobotomy E.G.O:: The Sword Sharpened with Tears Rodion
83%
Sinclair 00 Los Mariachis Jefe Sinclair
83%
Ishmael 000 Molar Boatworks Fixer Ishmael
83%
Sinclair 00 Molar Boatworks Fixer Sinclair
83%
Heathcliff 00 MultiCrack Office Fixer Heathcliff
83%
Faust 000 MultiCrack Office Rep Faust
83%
Meursault 000 N Corp. Großhammer Meursault
83%
Ishmael 000 R Corp. 4th Pack Reindeer Ishmael
83%
Ryōshū 00 Seven Assoc. South Section 6 Ryōshū
83%
Rodion 00 T Corp. Class 2 Collection Staff Rodion
83%
Don Quixote 000 The Manager of La Manchaland Don Quixote
83%
Sinclair 000 The Middle Little Brother Sinclair
83%
Don Quixote 000 The Middle Little Sister Don Quixote
83%
Gregor 000 Zwei Assoc. South Section 4 Gregor
83%
Sinclair 00 Zwei Assoc. South Section 6 Sinclair
83%
Sinclair 00 Zwei Assoc. West Section 3 Sinclair
83%
Don Quixote 00 Blade Lineage Salsu Don Quixote
80%
Ryōshū 000 Edgar Family Chief Butler Ryōshū
80%
Gregor 000 Heishou Pack - Si Branch Gregor
80%
Ryōshū 000 Kurokumo Clan Wakashu Ryōshū
80%
Rodion 00 LCCB Assistant Manager Rodion
80%
Ryōshū 00 LCCB Assistant Manager Ryōshū
80%
Ryōshū 000 R.B. Chef de Cuisine Ryōshū
80%
Heathcliff 000 R Corp. 4th Pack Rabbit Heathcliff
80%
Don Quixote 000 T Corp. Class 3 Collection Staff Don Quixote
80%
Meursault 00 The Middle Little Brother Meursault
80%
Meursault 000 Blade Lineage Mentor Meursault
78%
Don Quixote 000 Cinq Assoc. South Section 5 Director Don Quixote
78%
Don Quixote 000 Cinq East Section 3 Don Quixote
78%
Rodion 000 Devyat' Assoc. North Section 3 Rodion
78%
Rodion 000 Dieci Assoc. South Section 4 Rodion
78%
Ryōshū 00 District 20 Yurodivy Ryōshū
78%
Gregor 000 Edgar Family Heir Gregor
78%
Gregor 000 Firefist Office Survivor Gregor
78%
Gregor 00 Kurokumo Clan Captain Gregor
78%
Meursault 0 LCB Sinner Meursault
78%
Don Quixote 00 Lobotomy E.G.O::Lantern Don Quixote
78%
Ryōshū 000 Lobotomy E.G.O:: Red Eyes & Penitence Ryōshū
78%
Gregor 000 Night Awl Capitano Gregor
78%
Heathcliff 000 Öufi South Section 3 Heathcliff
78%
Gregor 00 R.B. Sous-chef Gregor
78%
Gregor 000 The Priest of La Manchaland Gregor
78%
Meursault 000 The Prince of La Manchaland Meursault
78%
Gregor 000 Twinhook Pirates First Mate Gregor
78%
Meursault 000 Cinq Assoc. West Section 3 Meursault
75%
Meursault 00 Dead Rabbits Boss Meursault
75%
Meursault 000 Dieci Assoc. South Section 4 Director Meursault
75%
Meursault 000 R Corp. 4th Pack Rhino Meursault
75%
Gregor 00 Rosespanner Workshop Fixer Gregor
75%
Meursault 00 Rosespanner Workshop Fixer Meursault
75%
Yi Sang 0 LCB Sinner Yi Sang
55%
Rodion 000 Rosespanner Workshop Rep Rodion
20%
Yi Sang 00 Seven Assoc. South Section 6 Yi Sang
13%
No matching quizzes found
Score Distribution
Percent of People with Each Score
Percentile by Number Answered
Your Score History
You have not taken this quiz